000
00289nam a22001217a 4500
008
170413b xxu||||| |||| 00| 0 eng d
041
_a
eng
080
_2
10 ED
_a
618
100
_a
10
101
_a
SHM
245
_a
ANUAL CLINICAL CARE OPTIONS FOR HIV
_c
CHAIRSON.R.E
942
_2
udc
_c
BK
999
_c
10608
_d
10608